Ecology and The Politics of Survival/ (Record no. 202648)
[ view plain ]
| 000 -LEADER | |
|---|---|
| fixed length control field | 00582 a2200193 4500 |
| 005 - DATE AND TIME OF LATEST TRANSACTION | |
| control field | 20240503151055.0 |
| 010 ## - LCCN (DPL NO) | |
| LC control number | B-758859 |
| 020 ## - INTERNATIONAL STANDARD BOOK NUMBER | |
| International Standard Book Number | 0803996721 |
| Terms of availability | 250.00 |
| 035 ## - SYSTEM CONTROL NUMBER | |
| System control number | B-758859 |
| 037 ## - SOURCE OF ACQUISITION | |
| Source of stock number/acquisition | Gift/Unesco |
| 082 ## - DEWEY DECIMAL CLASSIFICATION NUMBER | |
| Classification number | 333.70954 |
| 100 ## - MAIN ENTRY--PERSONAL NAME | |
| Personal name | Shiva, Vandana |
| 245 ## - TITLE STATEMENT | |
| Title | Ecology and The Politics of Survival/ |
| Remainder of title | Vandana Shiva |
| 260 ## - PUBLICATION, DISTRIBUTION, ETC. (IMPRINT) | |
| Place of publication, distribution, etc | New Delhi |
| Name of publisher, distributor, etc | Saga Publication |
| Date of publication, distribution, etc | 1991 |
| 270 ## - ADDRESS | |
| Address | New Delhi |
| 300 ## - PHYSICAL DESCRIPTION | |
| Extent | 365 p.; |
| Dimensions | 22cm. (Hb) |
| Other physical details | Index |
| 942 ## - ADDED ENTRY ELEMENTS (KOHA) | |
| Institution code [OBSOLETE] | dpl |
| Item type | English Books |
| Source of classification or shelving scheme | Dewey Decimal Classification |
| Classification part | 333.70954 |
| Call number suffix | SHI |
| Withdrawn status | Lost status | Not for loan | Collection code | Home library | Current library | Date acquired | Source of acquisition | Cost, normal purchase price | Full call number | Barcode | Copy number | Cost, replacement price | Koha item type | Public note |
|---|---|---|---|---|---|---|---|---|---|---|---|---|---|---|
| Non-fiction | Narela | Narela | 03/05/2024 | Gift/29.4.24 | 250.00 | 333.70954 SHI | B-758859 | 1 | 250.00 | English Books | Gift |
